000 00289nam a22001337a 4500
008 171010b xxu||||| |||| 00| 0 eng d
020 _a0883165317
041 _aeng
080 _a316
100 _a50
101 _aSOC
245 _aCULTURE CURERS& CONTAGION
_cKLEIN,N
942 _2udc
_cBK
999 _c32888
_d32888